000
00323nam a2200109Ia 4500
008
200302s9999 xx 000 0 und d
100
_a
R. Wayne Mondy & Other
245
_a
Management Concepts, Practice, and Skills 6th ed.
260
_b
Library of Congress Cataloging-in-Publication data
260
_c
1993
300
_a
673 P.,
999
_c
2128
_d
2128